Central Library OPAC University of Rajshahi

The story of the Pakistan Army / (Record no. 6425)

MARC details
000 -LEADER
fixed length control field 00834cam a22002771 4500
001 - CONTROL NUMBER
control field 6425
003 - CONTROL NUMBER IDENTIFIER
rucl marc code BD-RjUL
005 - DATE AND TIME OF LATEST TRANSACTION
control field 20211208234236.0
008 - FIXED-LENGTH DATA ELEMENTS--GENERAL INFORMATION
fixed length control field 140111s1964 pk ac 001 0 eng
035 ## - SYSTEM CONTROL NUMBER
System control number (BD-RjUL)6465
System control number (OCoLC)272399
040 ## - CATALOGING SOURCE
Original cataloging agency DLC
Transcribing agency OClW
Modifying agency OCoLC
-- DLC
-- BD-RjUL
Language of cataloging eng
041 ## - LANGUAGE CODE
Language code of text/sound track or separate title eng
082 ## - DEWEY DECIMAL CLASSIFICATION NUMBER
Classification number 355.095491
Author mark and year KHS 1964
100 1# - MAIN ENTRY--PERSONAL NAME
Personal name Khan, Fazal Muqueem.
9 (RLIN) 20229
245 14 - TITLE STATEMENT
Title The story of the Pakistan Army /
Statement of responsibility, etc. Khan. Fazal Muqeem
250 ## - EDITION STATEMENT
Edition statement 2d ed.
260 ## - PUBLICATION, DISTRIBUTION, ETC. (IMPRINT)
Place of publication, distribution, etc. Karachi,
Name of publisher, distributor, etc. Pakistan Branch, Oxford University Press,
Date of publication, distribution, etc. c1963 [1964]
300 ## - PHYSICAL DESCRIPTION
Pagination x, 250 p. :
Illustrations illus. ports. ;
Size 23 cm.
504 ## - BIBLIOGRAPHY, ETC. NOTE
Bibliography, etc Includes index and bibliography (p. 243-245).
610 10 - SUBJECT ADDED ENTRY--CORPORATE NAME
Corporate name or jurisdiction name as entry element Pakistan.
Subordinate unit Army.
942 ## - ADDED ENTRY ELEMENTS (KOHA)
Source of classification or shelving scheme Dewey Decimal Classification
Koha item type Books
Holdings
Lost status Source of classification or shelving scheme Damaged status Not for loan Collection code Permanent Location Current Location Shelving location Date acquired Source of acquisition Cost, normal purchase price Total Checkouts Full call number Date last seen Copy number Koha item type Date checked out
  Dewey Decimal Classification     Non-fiction Central Library, University of Rajshahi Central Library, University of Rajshahi   06/12/1966 Mirza Book 10.00   355.095491 KHS 1964 11/01/2014 C-2 Books  
  Dewey Decimal Classification     Non-fiction Central Library, University of Rajshahi Central Library, University of Rajshahi   06/12/1966 Mirza book agency 10.00 1 355.095491 KHS 1964 22/11/2016 C-3 Books 19/11/2016
  Dewey Decimal Classification     Non-fiction Central Library, University of Rajshahi Central Library, University of Rajshahi   06/12/1966 Mirza book agency 10.00   355.095491 KHS 1964 21/08/2016 C-4 Books  
  Dewey Decimal Classification     Non-fiction Central Library, University of Rajshahi Central Library, University of Rajshahi   06/12/1966 Mirza book agency 10.00   355.095491 KHS 1964 21/08/2016 C-5 Books  
  Dewey Decimal Classification     Non-fiction Central Library, University of Rajshahi Central Library, University of Rajshahi   06/12/1966 Mirza book agency 10.00   355.095491 KHS 1964 21/08/2016 C-6 Books  
  Dewey Decimal Classification     Non-fiction Central Library, University of Rajshahi Central Library, University of Rajshahi   06/12/1966 Mirza book agency 10.00   355.095491 KHS 1964 22/08/2016 C-7 Books